Szczegóły MARC21

Wady postawy ciała : diagnostyka i leczenie /

003 -Nazwa inst., której nr kontr. jest w polu 001 [,]
    • @
    • Nazwa instytucji, której n kontrolny jest w polu 001
    • NUKAT
005 -DATA I CZAS OSTATNIEJ MODYFIKACJI [,]
    • @
    • pole kontrolne
    • 20241231102818.0
020 -Międzynarod. znormalizowany nr książki - ISBN [ , ]
    • a
    • Numer ISBN
    • 8390197707 Find
040 -Instytucja sporządzająca opis [ , ]
    • a
    • Instytucja, która sporządziła opis (NP)
    • KR 122/DP
    • c
    • Instytucja, która sporządziła rekord (NP)
    • KR 122/DP
    • d
    • Instytucja, która zmodyfikowała rekord (P)
    • KR 122/MN
942 -Rodzaj dokumentu [ , ]
    • c
    • Rodzaj dokumentu
    • Książka
100 -Hasło główne - nazwa osobowa [1, ]
    • a
    • Nazwa osobowa (NP)
    • Kasperczyk, Tadeusz
    • d
    • Daty biograficzne (NP)
    • (1948- ).
    • 9
    • KHW
    • 49825
245 -Strefa tytułu i oznaczenia odpowiedzialności [1,0]
    • a
    • Tytuł
    • Wady postawy ciała : Find
    • b
    • Ciąg dalszy tytułu (NP)
    • diagnostyka i leczenie / Find
    • c
    • Pozostałe elementy strefy tytułu i oznaczenia odpowiedzialności (NP)
    • Tadeusz Kasperczyk.
250 -Strefa wydania [ , ]
    • a
    • Oznaczenie wydania (NP)
    • Wyd. 2.
260 -Strefa adresu wydawniczego [ , ]
    • a
    • Miejsce wydania (P)
    • Kraków :
    • b
    • Nazwa wydawcy (P)
    • Firma Handlowo-Usługowa "Kasper",
    • c
    • Data wydania (P)
    • 1996.
300 -Strefa opisu fizycznego [ , ]
    • a
    • Określenie formy książki i/lub objętość (NP)
    • 266 s. :
    • b
    • Oznaczenie ilustracji (NP)
    • il. ;
    • c
    • Format (NP)
    • 24 cm.
336 -Typ zawartości [ , ]
    • a
    • Termin opisujący typ zawartości
    • Tekst
    • b
    • Kod określający zawartość
    • txt
    • 2
    • Źródło (terminu i kodu)
    • rdacontent
337 -Typ mediów [ , ]
    • a
    • Tryb odtwarzania
    • Bez urządzenia pośredniczącego
    • b
    • Kod typu mediów
    • n
    • 2
    • Źródło (terminu i kodu)
    • rdamedia
338 -Typ/rodzaj nośnika [ , ]
    • a
    • Hasło opisujące typ nośnika
    • Wolumin
    • b
    • Kod typu nośnika
    • nc
    • 2
    • Źródło (terminu i kodu)
    • rdacarrier
504 -Uwaga dot. bibliogr. załącznikowej [ , ]
    • a
    • Uwaga dot. bibliografii załącznikowej
    • Bibliogr. s. 261-266.
650 -Hasło przedmiotowe [ ,7]
    • a
    • Hasło przedmiotowe
    • Gimnastyka lecznicza
    • v
    • Określnik formalny
    • podręczniki akademickie.
    • 2
    • Źródło terminu
    • kaba
    • 9
    • KHW
    • 370776
650 -Hasło przedmiotowe [ ,7]
    • a
    • Hasło przedmiotowe
    • Wady rozwojowe
    • x
    • Określnik rzeczowy
    • diagnostyka
    • v
    • Określnik formalny
    • podręczniki akademickie.
    • 2
    • Źródło terminu
    • kaba
    • 9
    • KHW
    • 487398
650 -Hasło przedmiotowe [ ,7]
    • a
    • Hasło przedmiotowe
    • Wady rozwojowe
    • x
    • Określnik rzeczowy
    • leczenie
    • v
    • Określnik formalny
    • podręczniki akademickie.
    • 2
    • Źródło terminu
    • kaba
    • 9
    • KHW
    • 487399
650 -Hasło przedmiotowe [ ,7]
    • a
    • Hasło przedmiotowe
    • Zaburzenia postawy ciała
    • v
    • Określnik formalny
    • podręczniki akademickie.
    • 2
    • Źródło terminu
    • kaba
    • 9
    • KHW
    • 369142
710 -Hasło dodatkowe - nazwa ciała zbiorowego [2, ]
    • a
    • Nazwa ciała zbiorowego lub nazwa geograficzna jako pierwszy element (NP)
    • Firma Handlowo-Usługowa "Kasper".
    • 4
    • Kod relacji
    • pbl
    • 9
    • KHW
    • 425587
920 -ISBN [ , ]
    • a
    • ISBN
    • 83-901977-0-7 Find
Data inwentaryzacji Status udost. Lokalizacja Sygnatura Numer inwentarzowy
1996-10-08-3BGW.187595W.187595
1997-03-17-3BGW.187595W.189440
1997-03-17-3BGW.187595W.189441
1997-03-17-3BGW.187595W.189442
1997-03-17-3BGW.187595W.189443
1999-06-23-3BG W.199317
1997-03-171BM WF.4909
1997-03-171BMKorekcja wad postawy 04WF.4908